[Event "Haninge"]
[Site "?"]
[Date "1990.??.??"]
[Round "?"]
[White "Karpov, An"]
[Black "van der Wiel, J."]
[Result "1-0"]
[WhiteElo "2730"]
[BlackElo "2550"]
[PlyCount "83"]
[EventDate "1990.??.??"]
[Source "ChessBase"]
[SourceDate "1990.01.01"]

1. c4 e6 2. Nc3 Bb4 3. Qc2 Nf6 4. a3 Bxc3 5. Qxc3 b6 6. b4 O-O 7. Bb2 d6 8. e3 Nbd7 9. Nf3 a5 10. Be2 axb4 11. axb4 Rxa1+ 12. Bxa1 Bb7 13. O-O c5 14. Rb1 Qc7 15. Ne1 Ra8 16. Nd3 e5 17. f3 Bc6 18. b5 Bb7 19. Nf2 Nf8 20. Qc2 Qe7 21. Bb2 Ng6 22. Rf1 d5 23. cxd5 Bxd5 24. Bd3 Ra5 25. Ra1 Rxa1+ 26. Bxa1 Qa7 27. Bc3 Be6 28. Bxg6 hxg6 29. Bxe5 Nd5 30. h4 Qa5 31. e4 Nb4 32. Qc3 f6 33. Bxf6 gxf6 34. Qxf6 Bf7 35. Ng4 Qa2 36. Qxb6 Qxd2 37. Kh2 Qd4 38. Qc7 c4 39. Nh6+ Kg7 40. Nxf7 Nd5 41. Qe5+ Qxe5+ 42. Nxe5 1-0

[Event "Kislovodsk tt"]
[Site "Kislovodsk"]
[Date "1982.??.??"]
[Round "2"]
[White "Polugaevsky, Lev A"]
[Black "Petrosian, Tigran V"]
[Result "1-0"]
[WhiteElo "2600"]
[BlackElo "2605"]
[PlyCount "53"]
[EventDate "1982.??.??"]
[Source "www.chesslib.no"]
[SourceDate "2004.05.04"]

1. c4 e6 2. Nf3 Nf6 3. Nc3 b6 4. e4 Bb7 5. Bd3 d6 6. Bc2 c5 7. d4 cxd4 8. Nxd4 Be7 9. O-O O-O 10. b3 a6 11. Bb2 Nc6 12. Nxc6 Bxc6 13. Qd3 g6 14. a4 Qc7 15. f4 Rad8 16. Qe2 Rfe8 17. Rad1 Bb7 18. Kh1 Qc5 19. e5 Nd7 20. Be4 Bc8 21. exd6 Bf8 22. Bf3 f5 23. b4 Qxb4 24. Nd5 Qc5 25. Nc7 Nb8 26. Nxe8 Rxe8 27. Qd3 1-0

[Event "III President's Cup"]
[Site "Baku AZE"]
[Date "2008.05.14"]
[Round "3"]
[White "Fridman, D2."]
[Black "Shanava, K."]
[Result "1/2-1/2"]
[WhiteElo "2640"]
[BlackElo "2519"]
[PlyCount "85"]
[EventDate "2008.05.12"]
[Source "www.chesslib.no"]
[SourceDate "2004.05.04"]

1. Nf3 Nf6 2. c4 e6 3. Nc3 b6 4. g3 Bb7 5. Bg2 Be7 6. O-O O-O 7. Re1 Ne4 8. Nxe4 Bxe4 9. d3 Bb7 10. e4 c5 11. d4 cxd4 12. Nxd4 Nc6 13. e5 a6 14. Qg4 Kh8 15. Nxc6 Bxc6 16. Bxc6 dxc6 17. Re4 Ra7 18. Rd4 Rd7 19. Rxd7 Qxd7 20. Be3 Qc7 21. Rd1 Rd8 22. Rxd8+ Bxd8 23. Qd4 Kg8 24. h4 h5 25. Kf1 Kf8 26. b3 Ke8 27. Ke2 Qd7 28. Qe4 g6 29. f3 b5 30. Bc5 bxc4 31. bxc4 Be7 32. Bxe7 Kxe7 33. Qe3 Qb7 34. Qc5+ Ke8 35. Ke3 Qc7 36. a4 Kd7 37. g4 Qb8 38. Kf4 f6 39. a5 fxe5+ 40. Ke4 Qb2 41. Qa7+ Ke8 42. Qa8+ Kf7 43. Qa7+ 1/2-1/2

[Event "ECC, Panormo GRE"]
[Site "?"]
[Date "2001.??.??"]
[Round "4"]
[White "Korchnoi, V."]
[Black "Yemelin, V."]
[Result "1/2-1/2"]
[WhiteElo "2615"]
[BlackElo "2505"]
[PlyCount "143"]
[EventDate "2001.??.??"]
[Source "www.chesslib.no"]
[SourceDate "2004.05.04"]

1. Nf3 Nf6 2. c4 b6 3. g3 Bb7 4. Bg2 e6 5. O-O Be7 6. d3 c5 7. e4 d6 8. Nc3 O-O 9. b3 Nc6 10. d4 cxd4 11. Nxd4 Qb8 12. Be3 a6 13. Nde2 Bd8 14. h3 Ne7 15. Bf4 Ne8 16. Qd2 Ng6 17. Be3 Qc7 18. Rac1 Rb8 19. Nd4 Nf6 20. a4 Re8 21. Kh2 Be7 22. f4 Rbc8 23. f5 Nf8 24. Qf2 h6 25. Kg1 Bd8 26. g4 N8d7 27. fxe6 fxe6 28. g5 hxg5 29. Bxg5 Nc5 30. Qh4 Nh7 31. Bxd8 Qxd8 32. Qg3 Qg5 33. Qxg5 Nxg5 34. Rce1 Nf7 35. Re3 Ne5 36. h4 Nc6 37. Nce2 Nxd4 38. Nxd4 Rcd8 39. b4 Nxa4 40. Rf2 e5 41. Nf5 Bc8 42. Rd2 Be6 43. Ra3 b5 44. Bf1 Bxf5 45. exf5 Rf8 46. cxb5 axb5 47. Bxb5 Nb6 48. Ra6 Nc8 49. Bc4+ Kh8 50. Be6 Ne7 51. Rf2 d5 52. Ra7 Nc6 53. Rc7 Nd4 54. Rg2 Nxe6 55. fxe6 Rfe8 56. Rgxg7 Rxe6 57. Rh7+ Kg8 58. h5 d4 59. b5 d3 60. Rcg7+ Kf8 61. Rg2 Rd4 62. Rh8+ Ke7 63. Rg7+ Kd6 64. Kf2 d2 65. Rg1 Kc5 66. Rc8+ Kb6 67. Ke2 Re7 68. Rc6+ Kxb5 69. Rc2 Rg7 70. Rb1+ Rb4 71. Rxb4+ Kxb4 72. Rxd2 1/2-1/2

[Event "Manresa"]
[Site "Manresa"]
[Date "1995.??.??"]
[Round "7"]
[White "Giorgadze, Giorgi"]
[Black "Garcia Ilundain, David"]
[Result "1/2-1/2"]
[WhiteElo "2605"]
[BlackElo "2510"]
[PlyCount "53"]
[EventDate "1995.06.??"]
[Source "ChessBase"]

1. Nf3 Nf6 2. c4 e6 3. Nc3 b6 4. g3 Bb7 5. Bg2 Bb4 6. Qc2 O-O 7. O-O d6 8. d3 Nbd7 9. e4 Bxc3 10. bxc3 a6 11. h3 Qc8 12. Rb1 Re8 13. Be3 h6 14. Qd2 d5 15. e5 Nh7 16. cxd5 Bxd5 17. Qe2 c5 18. c4 Bc6 19. Rfe1 Rb8 20. Bf4 Nhf8 21. g4 b5 22. Nd2 Bxg2 23. Kxg2 Ng6 24. Bg3 Rd8 25. f4 Nb6 26. Nf3 Na4 27. Rbc1 1/2-1/2

[Event "CZE-chT 0304"]
[Site "CZE"]
[Date "2003.??.??"]
[Round "1"]
[White "Hasangatin, Ramil"]
[Black "Navara, David"]
[Result "1/2-1/2"]
[WhiteElo "2523"]
[BlackElo "2580"]
[PlyCount "96"]
[EventDate "2003.10.??"]
[Source "Roberto Alvarez"]
[SourceDate "2004.02.16"]

1. Nf3 Nf6 2. c4 b6 3. d3 e6 4. e4 d6 5. Nc3 Bb7 6. g3 c5 7. Bg2 Be7 8. O-O Nbd7 9. Ng5 O-O 10. f4 Ne8 11. h4 h6 12. Nf3 f5 13. exf5 exf5 14. d4 Nc7 15. Be3 Nf6 16. Kh1 Qe8 17. d5 b5 18. b3 Ba6 19. Re1 Qg6 20. Bxc5 Ne4 21. Nxe4 fxe4 22. h5 Qxh5+ 23. Nh2 Qxd1 24. Raxd1 dxc5 25. d6 Bxd6 26. Rxd6 bxc4 27. Rc6 Rf7 28. Ng4 cxb3 29. axb3 Bb7 30. Rxc5 Ne6 31. Rc4 Bd5 32. Rcxe4 Bxe4 33. Bxe4 Rd8 34. Bg6 Nc5 35. Bxf7+ Kxf7 36. Ra1 Nxb3 37. Rxa7+ Kg8 38. f5 h5 39. Ne5 Nd4 40. Ng6 Nxf5 41. Ne7+ Nxe7 42. Rxe7 Rd2 43. Re5 g6 44. Re7 Kf8 45. Ra7 Re2 46. Ra4 Kf7 47. g4 h4 48. g5 Ke6 1/2-1/2

[Event "CADAP"]
[Site "?"]
[Date "2001.03.31"]
[Round "?"]
[White "Gouw Carol-Peter Th.(NED"]
[Black "Toro Solis de Ovando Guillerm"]
[Result "1/2-1/2"]
[WhiteElo "2510"]
[BlackElo "2588"]
[PlyCount "21"]
[EventDate "2001.??.??"]
[Source "www.chesslib.no"]
[SourceDate "2004.05.04"]

1. c4 c5 2. Nf3 Nf6 3. Nc3 e6 4. g3 b6 5. Bg2 Bb7 6. O-O Be7 7. d3 O-O 8. e4 d6 9. h3 a6 10. Be3 Qc7 11. Ne1 1/2-1/2

[Event "Tch (Men) 2005/2006 CZE"]
[Site "?"]
[Date "2006.02.26"]
[Round "9"]
[White "Ftacnik Lubomir"]
[Black "Petrik Tomas"]
[Result "0-1"]
[WhiteElo "2606"]
[BlackElo "2489"]
[PlyCount "116"]
[EventDate "2006.??.??"]
[Source "www.chesslib.no"]
[SourceDate "2004.05.04"]

1. Nf3 Nf6 2. c4 e6 3. Nc3 b6 4. e4 Bb7 5. Qe2 c5 6. e5 Ng8 7. d4 cxd4 8. Nxd4 Nc6 9. Ndb5 a6 10. Nd6+ Bxd6 11. exd6 Nf6 12. Be3 Rb8 13. f3 O-O 14. Qf2 Ba8 15. Rd1 Ne5 16. Qg3 Ng6 17. h4 Nh5 18. Qg4 Nf6 19. Qh3 e5 20. Qf5 Re8 21. Kf2 b5 22. cxb5 axb5 23. b4 h5 24. Be2 Re6 25. Kg1 Rc8 26. Nxb5 Nd5 27. Qg5 Nxe3 28. Qxe3 Nf4 29. Nc7 Rxd6 30. Rxd6 Qxc7 31. Rd2 d5 32. Ba6 d4 33. Qa3 Rb8 34. Kf2 Qb6 35. Qa5 Qf6 36. Qc7 Re8 37. Bb5 Rf8 38. Qa7 Nxg2 39. Be2 Nf4 40. Qa6 Qf5 41. Rh2 Rd8 42. Qa5 Rc8 43. Ba6 Rf8 44. Qb5 Nh3+ 45. Ke1 Bxf3 46. Qd3 Qg4 47. Rdf2 Nxf2 48. Rxf2 Be4 49. Qe2 Qg1+ 50. Kd2 Qb1 51. Qc4 Bg6 52. Qb3 Qg1 53. Rf1 Qg2+ 54. Kc1 e4 55. Qb2 Qg3 56. b5 d3 57. b6 e3 58. b7 e2 0-1

[Event "Moscow"]
[Site "Moscow"]
[Date "1986.??.??"]
[Round "?"]
[White "Lerner, Konstantin Z"]
[Black "Eingorn, Vereslav S"]
[Result "1/2-1/2"]
[WhiteElo "2530"]
[BlackElo "2560"]
[PlyCount "81"]
[EventDate "1986.03.??"]
[Source "ChessBase"]

1. Nf3 Nf6 2. c4 b6 3. Nc3 e6 4. e4 Bb7 5. Bd3 c5 6. e5 Ng4 7. O-O d6 8. exd6 Bxd6 9. Be4 Bxe4 10. Nxe4 Nc6 11. Qa4 Rc8 12. d4 cxd4 13. h3 Nf6 14. Nxf6+ Qxf6 15. Bg5 Qf5 16. Nxd4 Qe5 17. Rfd1 Qh2+ 18. Kf1 Qh1+ 19. Ke2 Qxg2 20. Nf3 Be7 21. Rh1 Bxg5 22. Rag1 Qxh1 23. Rxh1 Bf6 24. Rd1 O-O 25. Rd6 Ne5 26. Nxe5 Bxe5 27. Rd2 Rc7 28. b3 g6 29. Rd7 Rfc8 30. Ke3 Kg7 31. Ke4 Bf6 32. Rxc7 Rxc7 33. Qe8 Rc5 34. Kd3 Ra5 35. a4 Rf5 36. b4 Rf3+ 37. Ke2 Rb3 38. Qb5 Bc3 39. c5 Rxb4 40. Qd3 Be5 41. c6 1/2-1/2

[Event "Mnster Open"]
[Site "?"]
[Date "1996.??.??"]
[Round "4"]
[White "Bezold Michael"]
[Black "Lerner Konstantin Z"]
[Result "1/2-1/2"]
[WhiteElo "2485"]
[BlackElo "2595"]
[PlyCount "99"]
[EventDate "1996.??.??"]
[Source "www.chesslib.no"]
[SourceDate "2004.05.04"]

1. Nf3 Nf6 2. c4 e6 3. Nc3 b6 4. g3 Bb7 5. Bg2 Bb4 6. O-O O-O 7. Qc2 d6 8. d3 Bxc3 9. bxc3 c5 10. e4 Ne8 11. Re1 Nc6 12. Nh4 Nc7 13. a4 Qd7 14. f4 f5 15. exf5 exf5 16. Bd5+ Kh8 17. Qg2 Nxd5 18. cxd5 Na5 19. c4 Nb3 20. Ra2 Nxc1 21. Rxc1 Rae8 22. Qd2 Bc8 23. Kf2 Qf7 24. Nf3 Bd7 25. Re1 h6 26. Rxe8 Rxe8 27. Qc3 Kh7 28. Ra1 Re7 29. Ra2 Re8 30. Qd2 Qf6 31. Qc1 a6 32. Qa1 Qe7 33. Qe1 Qf7 34. Qb1 b5 35. axb5 axb5 36. Ra6 Qe7 37. Qe1 Qf8 38. Qd2 bxc4 39. dxc4 Re4 40. Qd3 g5 41. Ra2 Kg8 42. Nd2 Qd8 43. Qc2 Qb8 44. Qc1 Qc7 45. Rb2 Re1 46. Rb5 Re6 47. Rb3 Qa7 48. Qc2 Qa4 49. Nf1 Rg6 50. Qa2 1/2-1/2

[Event "Muenster op"]
[Site "Muenster"]
[Date "1996.??.??"]
[Round "4"]
[White "Bezold, Michael"]
[Black "Lerner, Konstantin Z"]
[Result "1/2-1/2"]
[WhiteElo "2495"]
[BlackElo "2580"]
[PlyCount "99"]
[EventDate "1996.10.04"]
[Source "ChessBase"]

1. Nf3 Nf6 2. c4 e6 3. Nc3 b6 4. g3 Bb7 5. Bg2 Bb4 6. O-O O-O 7. Qc2 d6 8. d3 Bxc3 9. bxc3 c5 10. e4 Ne8 11. Re1 Nc6 12. Nh4 Nc7 13. a4 Qd7 14. f4 f5 15. exf5 exf5 16. Bd5+ Kh8 17. Qg2 Nxd5 18. cxd5 Na5 19. c4 Nb3 20. Ra2 Nxc1 21. Rxc1 Rae8 22. Qd2 Bc8 23. Kf2 Qf7 24. Nf3 Bd7 25. Re1 h6 26. Rxe8 Rxe8 27. Qc3 Kh7 28. Ra1 Re7 29. Ra2 Re8 30. Qd2 Qf6 31. Qc1 a6 32. Qa1 Qe7 33. Qe1 Qf7 34. Qb1 b5 35. axb5 axb5 36. Ra6 Qe7 37. Qe1 Qf8 38. Qd2 bxc4 39. dxc4 Re4 40. Qd3 Qb8 41. Ra2 Qb4 42. Nd2 Rd4 43. Qc2 Qb8 44. Qb2 Qc7 45. Ra3 Be8 46. Re3 Bg6 47. Qc3 Qa7 48. Re6 Qa4 49. Re1 Bh5 50. Rc1 1/2-1/2

[Event "New York Open"]
[Site "New York, NY USA"]
[Date "1990.??.??"]
[Round "4"]
[White "Lerner, Konstantin Z"]
[Black "Djuric, Stefan"]
[Result "1-0"]
[WhiteElo "2560"]
[BlackElo "2495"]
[PlyCount "39"]
[EventDate "1990.04.??"]
[Source "www.chesslib.no"]
[SourceDate "2004.05.04"]

1. Nf3 Nf6 2. c4 e6 3. Nc3 b6 4. e4 Bb7 5. Bd3 d5 6. cxd5 exd5 7. e5 Ne4 8. O-O Nc5 9. Bf5 d4 10. b4 dxc3 11. bxc5 g6 12. Bc2 cxd2 13. Bxd2 Bxc5 14. Bb3 Qd3 15. e6 fxe6 16. Bxe6 Bxf3 17. gxf3 Nc6 18. Bc3 Qxd1 19. Raxd1 Ke7 20. Bd7 1-0

[Event "I Open Casino"]
[Site "Lugano SVI"]
[Date "2007.04.30"]
[Round "3.3"]
[White "Stojanovic, Mihajlo"]
[Black "Brunello, Sabino"]
[Result "1/2-1/2"]
[WhiteElo "2588"]
[BlackElo "2454"]
[PlyCount "115"]
[EventDate "2007.04.29"]
[Source "www.chesslib.no"]
[SourceDate "2004.05.04"]

1. Nf3 Nf6 2. c4 e6 3. Nc3 b6 4. e4 Bb7 5. Bd3 c5 6. O-O Nc6 7. e5 Ng4 8. Be4 Qc8 9. d3 Ncxe5 10. Nxe5 Nxe5 11. f4 Bxe4 12. Nxe4 Nc6 13. f5 exf5 14. Rxf5 Be7 15. Qg4 g6 16. Nf6+ Kd8 17. Rf1 d6 18. Qe4 Rb8 19. Bh6 Qe6 20. Bg7 Kc7 21. Bxh8 Rxh8 22. Nd5+ Kd7 23. Qf4 f5 24. a4 Bf6 25. Qd2 Rb8 26. Rfe1 Be5 27. b4 cxb4 28. Nxb4 Nxb4 29. d4 Nc2 30. Qxc2 Bxd4+ 31. Kh1 Qf6 32. Rad1 a5 33. Qb3 Bc3 34. Qb5+ Kc7 35. Re2 Bb4 36. Qd5 Rd8 37. g3 Rd7 38. Re8 Rd8 39. Re6 Qc3 40. Re7+ Rd7 41. Re8 Rd8 42. Rde1 Qxe1+ 43. Rxe1 Bxe1 44. Kg2 Rd7 45. Qe6 Bb4 46. h4 Bc5 47. h5 gxh5 48. Qxf5 Re7 49. Qxh5 Kb7 50. Qg5 Rc7 51. Kf3 Bb4 52. Qd5+ Ka7 53. Qg8 Bc5 54. Ke4 Bb4 55. g4 Bc5 56. Qd8 Kb7 57. Kd5 Bb4 58. Qg8 1/2-1/2

[Event "Israel Open Ch, Tel Aviv ISR"]
[Site "?"]
[Date "2001.??.??"]
[Round "8"]
[White "Vul, A."]
[Black "Lerner, K."]
[Result "0-1"]
[WhiteElo "2450"]
[BlackElo "2575"]
[PlyCount "108"]
[EventDate "2001.??.??"]
[Source "www.chesslib.no"]
[SourceDate "2004.05.04"]

1. Nf3 Nf6 2. c4 e6 3. Nc3 b6 4. g3 Bb7 5. Bg2 Bb4 6. Qc2 O-O 7. O-O Re8 8. a3 Bxc3 9. Qxc3 d5 10. d4 Nbd7 11. Rd1 c5 12. dxc5 bxc5 13. cxd5 exd5 14. b4 Rxe2 15. bxc5 Ne4 16. Qb4 Ndxc5 17. Be3 a5 18. Qb5 Ba6 19. Qc6 Bb7 20. Qb5 Ba6 21. Qc6 Rxe3 22. fxe3 Bc4 23. Bh3 Ra6 24. Qc8 Qxc8 25. Bxc8 Ra8 26. Bg4 Nb3 27. Ne5 Nxa1 28. Nxc4 dxc4 29. Bf3 f5 30. Rxa1 Rc8 31. g4 g6 32. gxf5 gxf5 33. Bxe4 fxe4 34. Kf2 c3 35. Rc1 Kf7 36. Ke2 Ke6 37. Kd1 Rd8+ 38. Kc2 Rd3 39. Rb1 Rxe3 40. Rb5 Rh3 41. Rxa5 h5 42. a4 Kf6 43. Rc5 h4 44. a5 Rxh2+ 45. Kxc3 h3 46. a6 Ra2 47. Kd4 Kg6 48. Rc8 Kf5 49. Rf8+ Kg4 50. Rg8+ Kf3 51. Rf8+ Ke2 52. Rf6 e3 53. Rh6 Kd2 54. Rxh3 Ra4+ 0-1

[Event "USSR"]
[Site "USSR"]
[Date "1980.??.??"]
[Round "?"]
[White "Timoscenko, Genadij A"]
[Black "Kayumov, Dmitry D"]
[Result "1-0"]
[WhiteElo "2505"]
[BlackElo "2515"]
[PlyCount "81"]
[EventDate "1980.??.??"]
[Source "www.chesslib.no"]
[SourceDate "2004.05.04"]

1. c4 Nf6 2. Nc3 c5 3. Nf3 e6 4. g3 b6 5. e4 Bb7 6. d3 d6 7. Bg2 Be7 8. O-O O-O 9. Re1 a6 10. b3 Nc6 11. d4 cxd4 12. Nxd4 Nxd4 13. Qxd4 Qc7 14. Bb2 Rab8 15. Rac1 Rfd8 16. Kh1 Bf8 17. f4 Ba8 18. Qe3 Rbc8 19. Ne2 Nd7 20. Nc3 Qb8 21. f5 Re8 22. fxe6 fxe6 23. Ne2 d5 24. exd5 exd5 25. Qd2 dxc4 26. Qxd7 Bxg2+ 27. Kxg2 Qa8+ 28. Kh3 Rcd8 29. Qg4 Rd6 30. Qxc4+ Kh8 31. Nf4 Rh6+ 32. Kg4 Rxh2 33. Qf7 Rxe1 34. Rxe1 h5+ 35. Kg5 Qd8+ 36. Kg6 Rxb2 37. Re8 Qd6+ 38. Qe6 Qc5 39. Kf7 Qc7+ 40. Kxf8 Rd2 41. Qg8# 1-0

[Event "Zlin"]
[Site "Zlin"]
[Date "1995.??.??"]
[Round "?"]
[White "Stohl, Igor"]
[Black "Kogan, Artur"]
[Result "1/2-1/2"]
[WhiteElo "2525"]
[BlackElo "2495"]
[PlyCount "94"]
[EventDate "1995.??.??"]
[Source "ChessBase"]

1. Nf3 e6 2. c4 Nf6 3. Nc3 b6 4. e4 Bb7 5. Bd3 c5 6. O-O Nc6 7. e5 Ng4 8. Be4 Qb8 9. Re1 f6 10. d4 cxd4 11. Nxd4 Nxd4 12. Bxb7 Qxb7 13. exf6 Nf3+ 14. Qxf3 Qxf3 15. gxf3 Nxf6 16. Bg5 Rc8 17. b3 Bb4 18. Re3 Kf7 19. Ne4 d5 20. cxd5 exd5 21. a3 Be7 22. Bxf6 gxf6 23. Ng3 Rc2 24. b4 Rhc8 25. Nf5 Bf8 26. Rd3 a5 27. bxa5 bxa5 28. Rxd5 Bc5 29. Ne3 Bxe3 30. fxe3 Rg8+ 31. Kh1 Rgg2 32. Rh5 Kg6 33. Rh3 Ra2 34. Rxa2 Rxa2 35. Rg3+ Kf7 36. Rh3 Kg6 37. Rg3+ Kf5 38. Rh3 Rxa3 39. Rxh7 Rxe3 40. Rh5+ Kf4 41. Rxa5 Rxf3 42. Ra4+ Kg5 43. Kg2 Rb3 44. h4+ Kg6 45. Kf2 f5 46. Ra6+ Kh5 47. Ra4 Kg6 1/2-1/2

[Event "FIDE"]
[Site "?"]
[Date "2001.10.11"]
[Round "3"]
[White "Agrest Evgenij"]
[Black "Vlassov Nikolai"]
[Result "0-1"]
[WhiteElo "2563"]
[BlackElo "2453"]
[PlyCount "128"]
[EventDate "2001.??.??"]
[Source "www.chesslib.no"]
[SourceDate "2004.05.04"]

1. Nf3 Nf6 2. c4 c5 3. Nc3 e6 4. g3 b6 5. e4 Bb7 6. d3 Be7 7. Bg2 O-O 8. O-O d6 9. Ne1 Nc6 10. f4 a6 11. Nc2 Rb8 12. a3 b5 13. cxb5 axb5 14. Nxb5 Ba6 15. Nc3 Na5 16. b4 Nb3 17. Rb1 Nxc1 18. Rxc1 cxb4 19. Nxb4 Bb7 20. d4 Qa5 21. Qb3 e5 22. Ncd5 Nxd5 23. Nxd5 Bxd5 24. Qxd5 Qxd5 25. exd5 exf4 26. gxf4 Bf6 27. Rfd1 Ra8 28. Rc6 Rfd8 29. Rd3 Ra4 30. Kf2 Bxd4+ 31. Kf3 Bc5 32. Bh3 g6 33. Rc7 Rda8 34. Rc8+ Kg7 35. Rxa8 Rxa8 36. Bd7 Bxa3 37. Bc6 Ra5 38. Rb3 Bc1 39. Rc3 Bd2 40. Rb3 f5 41. Rd3 Ra2 42. Rb3 Rc2 43. Rb7+ Kh6 44. Rb3 Rc4 45. Bd7 Bxf4 46. h3 Be5 47. Be6 Kg5 48. Bg8 Rc8 49. Be6 Rc7 50. Ra3 Kh4 51. Kg2 Rc2+ 52. Kf1 Kg5 53. Bg8 h6 54. Bf7 Rc7 55. Be8 Re7 56. Bb5 Kh4 57. Kg2 h5 58. Ra4+ f4 59. Ra8 g5 60. Bc6 g4 61. hxg4 hxg4 62. Re8 f3+ 63. Kf1 Rxe8 64. Bxe8 g3 0-1

[Event "CSR Ch"]
[Site "Marianske Lazne"]
[Date "1978.??.??"]
[Round "4"]
[White "Smejkal, Jan"]
[Black "Plachetka, Jan"]
[Result "1/2-1/2"]
[WhiteElo "2555"]
[BlackElo "2460"]
[PlyCount "72"]
[EventDate "1978.??.??"]
[Source "www.chesslib.no"]
[SourceDate "2004.05.04"]

1. Nf3 Nf6 2. c4 e6 3. Nc3 b6 4. e4 Bb7 5. d3 d6 6. g3 Nbd7 7. Bg2 Be7 8. O-O O-O 9. Qe2 c5 10. d4 cxd4 11. Nxd4 Qc7 12. b3 a6 13. Bb2 Rac8 14. Rad1 Rfe8 15. f4 Bf8 16. Kh1 Nc5 17. e5 Bxg2+ 18. Kxg2 dxe5 19. fxe5 Qb7+ 20. Qf3 Qxf3+ 21. Nxf3 Ng4 22. Bc1 f6 23. exf6 Nxf6 24. Ne5 b5 25. cxb5 Nxb3 26. axb3 Rxc3 27. bxa6 Ra8 28. Bg5 Nd5 29. Rc1 Rxb3 30. Rc6 h6 31. Bd2 Rb2 32. Rf2 Ra7 33. Ng6 Bb4 34. Bxb4 Rxf2+ 35. Kxf2 Nxb4 36. Rxe6 Rxa6 1/2-1/2

[Event "Budapest HUN"]
[Site "?"]
[Date "2005.11.09"]
[Round "5"]
[White "Berczes David"]
[Black "Ilincic Zlatko"]
[Result "0-1"]
[WhiteElo "2475"]
[BlackElo "2540"]
[PlyCount "40"]
[EventDate "2005.??.??"]
[Source "www.chesslib.no"]
[SourceDate "2004.05.04"]

1. Nf3 Nf6 2. c4 e6 3. Nc3 Be7 4. d4 O-O 5. e4 d5 6. e5 Ne4 7. Bd3 Nxc3 8. bxc3 dxc4 9. Bxc4 b6 10. Bd3 Bb7 11. h4 h6 12. Rh3 f5 13. exf6 Rxf6 14. Ne5 Nd7 15. Ng4 Rf7 16. Rg3 Kf8 17. Nxh6 gxh6 18. Bxh6+ Ke8 19. Rg8+ Bf8 20. Bg6 Qxh4 0-1

[Event "Banja Luka"]
[Site "Banja Luka"]
[Date "1979.04.24"]
[Round "14"]
[White "Marovic, Drazen"]
[Black "Browne, Walter S"]
[Result "1/2-1/2"]
[WhiteElo "2470"]
[BlackElo "2540"]
[PlyCount "66"]
[EventDate "1979.04.??"]
[Source "www.chesslib.no"]
[SourceDate "2004.05.04"]

1. c4 c5 2. Nf3 Nf6 3. Nc3 e6 4. g3 b6 5. e4 Bb7 6. d3 d6 7. Bg2 Be7 8. O-O O-O 9. Re1 a6 10. d4 cxd4 11. Nxd4 Qc7 12. Qe2 Rc8 13. Nc2 Nbd7 14. Bd2 Rab8 15. b3 Bf8 16. Rac1 g6 17. f4 Bg7 18. h3 b5 19. cxb5 Nh5 20. Kh2 Bxc3 21. Nb4 Qb6 22. Rxc3 axb5 23. Rxc8+ Rxc8 24. Be3 Qa5 25. Bd2 Qb6 26. g4 Nhf6 27. g5 Nh5 28. Bf3 Ng7 29. Rf1 Nc5 30. Qe3 Nd7 31. Qd3 Nc5 32. Qd4 Nd7 33. Qd3 Nc5 1/2-1/2

[Event "RUS-Cup"]
[Site "?"]
[Date "2000.??.??"]
[Round "7"]
[White "Balashov Yuri S"]
[Black "Bocharov Dmitry"]
[Result "1/2-1/2"]
[WhiteElo "2534"]
[BlackElo "2475"]
[PlyCount "45"]
[EventDate "2000.??.??"]
[Source "www.chesslib.no"]
[SourceDate "2004.05.04"]

1. c4 Nf6 2. Nc3 e6 3. Nf3 d5 4. e3 Nbd7 5. b3 c6 6. Qc2 Bd6 7. Bb2 O-O 8. Be2 Qe7 9. O-O dxc4 10. bxc4 e5 11. Ng5 Nc5 12. d4 exd4 13. exd4 Ne6 14. Nce4 Nxg5 15. Nxg5 Re8 16. Bd1 h6 17. Nf3 c5 18. Qd3 Bg4 19. h3 Bh5 20. Nh4 cxd4 21. Nf5 Qc7 22. Nxd6 Qxd6 23. Qxd4 1/2-1/2

[Event "Rotterdam k.o."]
[Site "Rotterdam NED"]
[Date "1990.??.??"]
[Round "3"]
[White "Ree, Hans"]
[Black "Van der Wiel, John T H"]
[Result "1/2-1/2"]
[WhiteElo "2455"]
[BlackElo "2550"]
[PlyCount "100"]
[EventDate "1990.??.??"]
[Source "www.chesslib.no"]
[SourceDate "2004.05.04"]

1. c4 e6 2. Nc3 Bb4 3. Qc2 Nf6 4. a3 Bxc3 5. Qxc3 b6 6. Nf3 O-O 7. e3 Bb7 8. Be2 d5 9. b3 Nbd7 10. Bb2 Nc5 11. Qc2 dxc4 12. Bxc4 Be4 13. Qc3 Nd3+ 14. Bxd3 Qxd3 15. Qxd3 Bxd3 16. Ne5 Be4 17. f3 Bb7 18. d4 Rfc8 19. Rc1 c5 20. dxc5 Rxc5 21. Rxc5 bxc5 22. Kd2 Bd5 23. Kc2 Rb8 24. Nc4 Bxc4 25. bxc4 Nd7 26. Rd1 Rb7 27. Rd6 Kf8 28. e4 Nb6 29. Rc6 Nxc4 30. Bc1 Nb6 31. Rxc5 Ke7 32. Bf4 f6 33. Rc7+ Rxc7+ 34. Bxc7 Nc4 35. Kb3 Ne3 36. g4 Kd7 37. Bb8 Nf1 38. Kc3 e5 39. Kd3 Nxh2 40. Ke2 a6 41. Kf2 Ke6 42. Kg2 Nxg4 43. fxg4 Kf7 44. Kf3 Kg6 45. Kg3 h5 46. Kh4 hxg4 47. Kxg4 Kf7 48. Kh5 g6+ 49. Kh6 f5 50. Bxe5 fxe4 1/2-1/2

[Event "Moscow"]
[Site "Moscow"]
[Date "1986.??.??"]
[Round "?"]
[White "Yap, Andronico"]
[Black "Razuvaev, Yuri S"]
[Result "0-1"]
[WhiteElo "2470"]
[BlackElo "2525"]
[PlyCount "82"]
[EventDate "1986.03.??"]
[Source "ChessBase"]

1. Nf3 Nf6 2. c4 e6 3. Nc3 b6 4. e4 Bb7 5. Bd3 c5 6. O-O d6 7. Bc2 e5 8. a3 Be7 9. b4 Nc6 10. Nd5 O-O 11. Rb1 Rb8 12. d3 Nd7 13. b5 Nd4 14. Nxd4 cxd4 15. f4 Bxd5 16. exd5 f5 17. Qe2 Qe8 18. Bd2 Qg6 19. Rbe1 Rbe8 20. Qf3 Bf6 21. Qh3 exf4 22. Rxe8 Qxe8 23. Bxf4 Be5 24. Bd2 g6 25. Bd1 Qe7 26. g4 f4 27. Re1 Nc5 28. Qf3 Kg7 29. Re2 Qf6 30. Bb4 Nd7 31. Rg2 g5 32. Qf1 f3 33. Rf2 Bf4 34. Rxf3 Ne5 35. Kg2 Nxf3 36. Qxf3 Re8 37. Qf1 Qh6 38. h3 Re3 39. Bf3 Qh4 40. Qf2 Qxf2+ 41. Kxf2 Rxd3 0-1

[Event "Travemuende"]
[Site "?"]
[Date "1996.??.??"]
[Round "?"]
[White "Eingorn, V."]
[Black "Hobuss, U."]
[Result "1-0"]
[WhiteElo "2585"]
[BlackElo "2405"]
[PlyCount "75"]
[EventDate "1996.??.??"]
[Source "ChessBase"]
[SourceDate "1997.02.01"]

1. Nf3 Nf6 2. c4 e6 3. Nc3 b6 4. g3 Bb7 5. Bg2 Be7 6. O-O O-O 7. Re1 c5 8. e4 d6 9. b3 a6 10. d4 cxd4 11. Nxd4 Qc7 12. Bb2 Nbd7 13. Rc1 Rfe8 14. Nd5 exd5 15. cxd5 Qd8 16. Nc6 Bxc6 17. dxc6 Nc5 18. c7 Qc8 19. e5 dxe5 20. Bxa8 Qxa8 21. Bxe5 Rc8 22. h4 a5 23. Bxf6 Bxf6 24. Qd6 h6 25. a3 Nxb3 26. Rcd1 Qb7 27. Qd7 Qa8 28. Qxc8+ Qxc8 29. Rd8+ Bxd8 30. Re8+ Kh7 31. cxd8=Q Qc1+ 32. Kh2 Nd2 33. Rh8+ Kg6 34. Qd3+ Kf6 35. Rd8 Nc4 36. Rc8 b5 37. Rc6+ Ke7 38. Rc7+ 1-0

[Event "Jugoslavija"]
[Site "?"]
[Date "1997.??.??"]
[Round "?"]
[White "Mikhalchishin, A."]
[Black "Rajkovic, Du"]
[Result "1-0"]
[WhiteElo "2515"]
[BlackElo "2470"]
[PlyCount "59"]
[EventDate "1997.??.??"]
[Source "ChessBase"]
[SourceDate "1997.02.01"]

1. Nf3 Nf6 2. c4 e6 3. Nc3 b6 4. e4 Bb7 5. Bd3 d6 6. Bc2 c5 7. d4 cxd4 8. Nxd4 a6 9. b3 Be7 10. Bb2 O-O 11. O-O Nbd7 12. f4 Rc8 13. Qe2 Ne8 14. e5 dxe5 15. fxe5 Qc7 16. Rae1 b5 17. cxb5 Bc5 18. Kh1 Nxe5 19. Nxe6 fxe6 20. Rxf8+ Kxf8 21. bxa6 Bxa6 22. Qxa6 Ng4 23. g3 Bb4 24. Qxe6 Nef6 25. Rf1 h5 26. Bg6 Rd8 27. Nd5 Qb7 28. Bxf6 Nxf6 29. Rxf6+ gxf6 30. Qxf6+ 1-0

[Event "Colombia"]
[Site "?"]
[Date "1993.??.??"]
[Round "?"]
[White "Yermolinsky, A."]
[Black "Delaune, R."]
[Result "1-0"]
[WhiteElo "2615"]
[BlackElo "2370"]
[PlyCount "67"]
[EventDate "1993.??.??"]
[Source "ChessBase"]
[SourceDate "1993.06.01"]

1. Nf3 c5 2. c4 Nf6 3. Nc3 e6 4. g3 b6 5. e4 Bb7 6. d3 Be7 7. Bg2 O-O 8. O-O d6 9. b3 Nbd7 10. Bb2 a6 11. Ne1 Qc7 12. Nc2 Rfe8 13. f4 Bc6 14. g4 g6 15. Ne3 h6 16. Rc1 Rac8 17. Rc2 b5 18. Rcf2 b4 19. Ne2 Nh7 20. Ng3 Bh4 21. g5 h5 22. Rf3 Bxg3 23. hxg3 e5 24. g4 h4 25. Qe1 exf4 26. Qxh4 Re5 27. Rxf4 Ndf8 28. Rxf7 Qxf7 29. Rxf7 Kxf7 30. Qf2+ Ke7 31. Bxe5 dxe5 32. Nf5+ gxf5 33. Qxc5+ Kd7 34. Qxe5 1-0